|
|
|
|
| LEADER |
00000nam a22000007a 4500 |
| 005 |
20140717023624.0 |
| 007 |
cr|||| |||| |
| 008 |
140717s2013 es |||||s|||| 00||0 spa d |
| 020 |
|
|
|a 978-84-9031-846-1
|
| 035 |
|
|
|a 12317
|
| 040 |
|
|
|a vLex
|
| 090 |
|
|
|c 5102
|d 5102
|
| 100 |
1 |
|
|a Viana Lp̤ez, Cšar J.
|
| 245 |
1 |
0 |
|a Mediacin̤ laboral
|h [Recurso electrn̤ico] /
|c Cšar J. Viana Lp̤ez
|
| 256 |
|
|
|a Servicio en ln̕ea
|
| 260 |
|
|
|a Madrid:
|b Dykinson,
|c 2013
|
| 300 |
|
|
|a 1 recurso electrn̤ico
|
| 506 |
1 |
|
|a Disponible solo en los productos indicados
|d vLex Global
|d vLex Global (Academic Edition, excluding Law Schools)
|d vLex Global (U.S. Academic Edition, Law Schools)
|d vLex Global (U.S. Academic Edition, excluding Law Schools)
|d vLex Global (Academic Edition, Law Schools)
|
| 650 |
0 |
4 |
|a Arbitraje
|z Espaą
|
| 650 |
0 |
4 |
|a Derecho Laboral y Seguridad Social
|z Espaą
|
| 740 |
0 |
|
|a vLex Libros (Servicio en ln̕ea)
|
| 856 |
4 |
0 |
|u http://vlex.com/source/mediacion-laboral-12317
|z Acceso restringido
|
| 942 |
|
|
|c BOOK
|
| 999 |
0 |
|
|a Arbitration
|
| 999 |
0 |
|
|a Labor Law and Social Security
|